[Event "Your Next Move (Blitz)"]
[Site "Leuven BEL"]
[Date "2018.06.15"]
[EventDate "2018.06.12"]
[Round "2"]
[Result "0-1"]
[White "Anish Giri"]
[Black "Maxime Vachier-Lagrave"]
[WhiteElo "2782"]
[BlackElo "2789"]
[PlyCount "114"]

1. e4 c5 2. Nf3 d6 3. d4 cxd4 4. Nxd4 Nf6 5. Nc3 a6 6. g3 e5
7. Nde2 Be7 8. Bg2 b5 9. Nd5 Nbd7 10. Nec3 Nb6 11. Nxf6+ Bxf6
12. O-O O-O 13. b3 b4 14. Nd5 Nxd5 15. Qxd5 Be6 16. Qd3 Qc7
17. Bd2 a5 18. a3 bxa3 19. Rxa3 Rfc8 20. c4 Bd8 21. Rfa1 Qc5
22. b4 Qc6 23. bxa5 Bxc4 24. Qe3 Qb5 25. Qe1 Ra6 26. Qb1 Qxb1+
27. Rxb1 Rca8 28. Rc1 Bb5 29. Rb1 Bc4 30. Rc1 Bb5 31. Bh3 Kf8
32. Rc8 Ke8 33. Rxa8 Rxa8 34. Bb4 Bc7 35. Ra1 Ra7 36. Bg4 g6
37. h4 h5 38. Bh3 Bd3 39. f3 Bb6+ 40. Kg2 Bc5 41. Bxc5 dxc5
42. Kf2 Bb5 43. Bf1 c4 44. Ke3 Kd7 45. Kd2 Kc6 46. Kc3 Kc5
47. Be2 Ra6 48. Rd1 Rxa5 49. Rd5+ Kb6 50. Bxc4 Ra3+ 51. Kb2
Bxc4 52. Kxa3 Bxd5 53. exd5 Kc5 54. Kb3 Kxd5 55. Kc3 f5
56. Kd3 e4+ 57. Ke3 Ke5 0-1

[Event "Your Next Move (Blitz)"]
[Site "Leuven BEL"]
[Date "2018.06.15"]
[EventDate "2018.06.12"]
[Round "4"]
[Result "1/2-1/2"]
[White "Maxime Vachier-Lagrave"]
[Black "Fabiano Caruana"]
[WhiteElo "2789"]
[BlackElo "2816"]
[PlyCount "48"]

1. e4 c5 2. Nf3 e6 3. c3 Nf6 4. e5 Nd5 5. d4 cxd4 6. cxd4 d6
7. Bc4 Nc6 8. O-O Be7 9. Qe2 O-O 10. a3 Bd7 11. exd6 Bxd6
12. Nc3 Nce7 13. Ne4 Bc6 14. Ne5 Rc8 15. Rd1 Bb8 16. Ng5 Be8
17. Bd3 Nf6 18. Ngf3 Ned5 19. Bd2 a6 20. Rac1 Rxc1 21. Rxc1
Qb6 22. Nc4 Qd8 23. Nce5 Qb6 24. Nc4 Qd8 1/2-1/2

[Event "Your Next Move (Blitz)"]
[Site "Leuven BEL"]
[Date "2018.06.15"]
[EventDate "2018.06.12"]
[Round "6"]
[Result "1/2-1/2"]
[White "Maxime Vachier-Lagrave"]
[Black "Wesley So"]
[WhiteElo "2789"]
[BlackElo "2778"]
[PlyCount "96"]

1. Nf3 d5 2. g3 g6 3. Bg2 Bg7 4. d4 Nf6 5. c4 dxc4 6. Na3 c5
7. O-O O-O 8. dxc5 c3 9. Nb5 Na6 10. Nxc3 Nxc5 11. Bf4 Nfe4
12. Nxe4 Nxe4 13. Be5 Bxe5 14. Nxe5 Nd6 15. Qd4 Be6 16. Rfc1
Qa5 17. Nd3 Rad8 18. Nf4 Nf5 19. Qc3 Qxc3 20. Rxc3 Rd2
21. Bxb7 Rxb2 22. Nxe6 fxe6 23. Ba6 Nd4 24. Kf1 Rfb8 25. Bd3
Kf7 26. Rc4 R8b4 27. Rac1 Nf5 28. a3 Rxc4 29. Rxc4 Nd6 30. Ra4
Rb7 31. f4 Kf6 32. Ra5 Nf7 33. Ra6 Nd6 34. Kf2 e5 35. Ke3 Rc7
36. fxe5+ Kxe5 37. Ra5+ Ke6 38. Kd4 Kf6 39. e4 Nf7 40. e5+ Kg7
41. h4 Nd8 42. Be4 Ne6+ 43. Kd3 Nc5+ 44. Ke3 Nxe4 45. Kxe4 Kf7
46. Ra6 Rc3 47. Kf4 Rc4+ 48. Kf3 Rc3+ 1/2-1/2

[Event "Your Next Move (Blitz)"]
[Site "Leuven BEL"]
[Date "2018.06.15"]
[EventDate "2018.06.12"]
[Round "7"]
[Result "1-0"]
[White "Sergey Karjakin"]
[Black "Maxime Vachier-Lagrave"]
[WhiteElo "2782"]
[BlackElo "2789"]
[PlyCount "117"]

1. c4 c5 2. Nf3 Nc6 3. d4 cxd4 4. Nxd4 Nf6 5. Nc3 e6 6. e4 Bb4
7. Nxc6 bxc6 8. Bd3 e5 9. O-O O-O 10. Qe2 Bc5 11. Na4 Bd4
12. Be3 Bxe3 13. Qxe3 d6 14. c5 d5 15. exd5 Nxd5 16. Qxe5 Re8
17. Qd6 Qg5 18. Rfe1 Be6 19. Bf1 Rac8 20. Re4 Red8 21. Qg3 Qd2
22. Rae1 Nf6 23. R4e2 Qb4 24. b3 Rd7 25. Qc3 Qf4 26. h3 Rcd8
27. Nb2 Nd5 28. Qe5 Qxe5 29. Rxe5 Kf8 30. Nc4 Nc3 31. Nd6 g6
32. a3 a5 33. R5e3 Nd5 34. Rf3 Nc7 35. Bc4 Bxc4 36. Nxc4 Nb5
37. Nxa5 Nd4 38. Rc3 h5 39. b4 h4 40. Kf1 Nb5 41. Rce3 Na7
42. Re4 g5 43. Re5 Rd5 44. Rxd5 Rxd5 45. a4 Rd4 46. Rb1 Rd5
47. Ke2 Ke7 48. Rd1 Re5+ 49. Kd3 Kd7 50. Nc4 Re6 51. Kc3+ Kc7
52. Ne3 Re5 53. Kc4 f5 54. Rd2 f4 55. Nc2 g4 56. f3 gxh3
57. gxh3 Nc8 58. Nd4 Ne7 59. Re2 1-0

[Event "Your Next Move (Blitz)"]
[Site "Leuven BEL"]
[Date "2018.06.15"]
[EventDate "2018.06.12"]
[Round "8"]
[Result "1/2-1/2"]
[White "Maxime Vachier-Lagrave"]
[Black "Levon Aronian"]
[WhiteElo "2789"]
[BlackElo "2764"]
[PlyCount "109"]

1. Nf3 Nf6 2. g3 d5 3. Bg2 Bf5 4. O-O e6 5. c4 c6 6. cxd5 cxd5
7. Qb3 Qb6 8. Qxb6 axb6 9. d3 Nc6 10. Nc3 Bc5 11. Nh4 Bg6
12. Nxg6 hxg6 13. a3 Kd7 14. Bd2 Nd4 15. Rad1 Nb3 16. Bf4 Bd4
17. Nb5 Rhc8 18. Nxd4 Nxd4 19. Rfe1 Nc2 20. Rf1 Nd4 21. Rfe1
Rc2 22. Kf1 Nb3 23. e4 d4 24. Bf3 Rxb2 25. Rb1 Rxb1 26. Rxb1
Rxa3 27. Bd1 Nc5 28. Rxb6 Rxd3 29. Be2 Rb3 30. Rd6+ Ke8
31. Rxd4 Nfxe4 32. Be3 b6 33. Kg2 Rb2 34. Bf3 f5 35. h4 Ke7
36. Rc4 Nd2 37. Bxc5+ bxc5 38. Rxc5 Kf6 39. Bc6 Rb4 40. Rc2
Nc4 41. Bf3 g5 42. hxg5+ Kxg5 43. Be2 Nb6 44. Rc7 Kf6 45. Rb7
Nd5 46. Rxb4 Nxb4 47. f4 e5 48. fxe5+ Kxe5 49. Kf3 g5 50. Bc4
Nd5 51. Bd3 Nf6 52. Bc2 Ne8 53. Bd3 Nd6 54. Bc2 Kd4 55. Bxf5
1/2-1/2

[Event "Your Next Move (Blitz)"]
[Site "Leuven BEL"]
[Date "2018.06.16"]
[EventDate "2018.06.12"]
[Round "10"]
[Result "0-1"]
[White "Alexander Grischuk"]
[Black "Maxime Vachier-Lagrave"]
[WhiteElo "2766"]
[BlackElo "2789"]
[PlyCount "122"]

1. e4 c5 2. Nc3 d6 3. f4 g6 4. Nf3 Bg7 5. Bc4 e6 6. O-O Ne7
7. d3 Nbc6 8. a3 O-O 9. Ba2 Rb8 10. Qe1 Nd4 11. Nxd4 cxd4
12. Ne2 Bd7 13. Bd2 Rc8 14. Bb3 Qb6 15. Kh1 Rfe8 16. a4 d5
17. a5 Qc5 18. Bb4 Qc7 19. Bxe7 Rxe7 20. e5 f6 21. exf6 Bxf6
22. Ng1 Kg7 23. Qd2 e5 24. fxe5 Rxe5 25. Qf4 Rf5 26. Qxc7 Rxc7
27. Rxf5 Bxf5 28. Nf3 Rc5 29. h3 h5 30. Ra4 Bd7 31. Rb4 Bc6
32. a6 bxa6 33. Nxd4 a5 34. Rb7+ Bxb7 35. Ne6+ Kh6 36. Nxc5
Ba8 37. c3 d4 38. c4 Kg5 39. Ne6+ Kf5 40. Nc7 Bc6 41. Kg1 a4
42. Bd1 Bg5 43. Nb5 Ke5 44. Nxa7 Bd7 45. Nb5 Bf5 46. Bxa4 Be3+
47. Kh2 Bxd3 48. Na3 Bc1 49. Bc2 Bxc2 50. Nxc2 d3 51. Ne1 d2
52. Nf3+ Kf4 53. Nxd2 Bxd2 54. c5 Be3 55. c6 Bb6 56. b4 h4
57. b5 g5 58. Kh1 Kg3 59. c7 Bxc7 60. b6 Bb8 61. b7 Ba7 0-1

[Event "Your Next Move (Blitz)"]
[Site "Leuven BEL"]
[Date "2018.06.16"]
[EventDate "2018.06.12"]
[Round "11"]
[Result "1/2-1/2"]
[White "Maxime Vachier-Lagrave"]
[Black "Anish Giri"]
[WhiteElo "2789"]
[BlackElo "2782"]
[PlyCount "103"]

1. e4 e5 2. Nf3 Nc6 3. Bc4 Bc5 4. c3 Nf6 5. d3 O-O 6. O-O d5
7. exd5 Nxd5 8. Nbd2 Bg4 9. Re1 Nb6 10. Bb5 Bd6 11. h3 Bh5
12. Ne4 f5 13. Ng3 Bxf3 14. Qxf3 Ne7 15. Qxb7 c6 16. Bc4+ Nxc4
17. Qb3 Kh8 18. Qxc4 Qd7 19. Bd2 Nd5 20. Rad1 Bc7 21. Qh4 Rae8
22. c4 Ne7 23. Bc3 Ng6 24. Qh5 c5 25. Qf3 Rd8 26. b4 cxb4
27. Bxb4 Rf7 28. Bc3 Rdf8 29. Bb4 Rd8 30. Bc5 Ba5 31. Rf1 Bb6
32. Bxb6 axb6 33. Rfe1 Qa7 34. d4 exd4 35. Qc6 Rff8 36. Rd2
Qa5 37. Red1 f4 38. Ne4 f3 39. Qb5 Qxb5 40. cxb5 Nf4 41. gxf3
d3 42. Kh2 Rd5 43. a4 Rd4 44. Ra1 h6 45. a5 bxa5 46. Rxa5 Rb8
47. Kg3 Ne2+ 48. Kg2 Rd5 49. Kh2 Nf4 50. Kg3 Ne2+ 51. Kh2 Nf4
52. Kg3 1/2-1/2

[Event "Your Next Move (Blitz)"]
[Site "Leuven BEL"]
[Date "2018.06.16"]
[EventDate "2018.06.12"]
[Round "13"]
[Result "0-1"]
[White "Fabiano Caruana"]
[Black "Maxime Vachier-Lagrave"]
[WhiteElo "2816"]
[BlackElo "2789"]
[PlyCount "96"]

1. e4 c5 2. Nc3 d6 3. Nge2 Nf6 4. g3 g6 5. Bg2 Bg7 6. d3 Nc6
7. O-O O-O 8. a3 e6 9. Rb1 Rb8 10. b4 b6 11. h3 Bb7 12. Be3
Nd7 13. Qd2 a6 14. Bh6 Bxh6 15. Qxh6 Qf6 16. Nd1 Qg7 17. Qd2
b5 18. c3 f5 19. Nf4 Rbe8 20. exf5 gxf5 21. Re1 e5 22. Bd5+
Kh8 23. Ne6 Rxe6 24. Bxe6 f4 25. g4 Qh6 26. Bxd7 Qxh3 27. Re4
d5 28. Qe1 dxe4 29. Qxe4 Nd4 30. Qxe5+ Kg8 31. Be6+ Nxe6
32. Qxe6+ Rf7 33. Qe8+ Kg7 34. Qe5+ Kf8 35. Qb8+ Kg7 36. Qe5+
Kh6 37. Qh5+ Qxh5 38. gxh5 Bf3 39. bxc5 Rf5 40. Kf1 Rxc5
41. Ke1 Rxh5 42. c4 Rh1+ 43. Kd2 Rf1 44. c5 Kg5 45. Rc1 Rxd1+
46. Rxd1 Bxd1 47. Kxd1 Kf5 48. d4 Ke6 0-1

[Event "Your Next Move (Blitz)"]
[Site "Leuven BEL"]
[Date "2018.06.16"]
[EventDate "2018.06.12"]
[Round "15"]
[Result "1/2-1/2"]
[White "Wesley So"]
[Black "Maxime Vachier-Lagrave"]
[WhiteElo "2778"]
[BlackElo "2789"]
[PlyCount "65"]

1. Nf3 c5 2. c4 Nc6 3. Nc3 e5 4. e3 Nf6 5. Be2 d5 6. d4 exd4
7. exd4 cxd4 8. Nxd4 dxc4 9. Nxc6 Qxd1+ 10. Kxd1 bxc6 11. Bxc4
Bg4+ 12. Kc2 Bf5+ 13. Bd3 Bxd3+ 14. Kxd3 O-O-O+ 15. Kc2 Bc5
16. f3 Nd5 17. Nxd5 Rxd5 18. Bd2 Rhd8 19. Bc3 Bd4 20. Bxd4
Rxd4 21. Rad1 Kc7 22. Rxd4 Rxd4 23. Re1 Kd7 24. Re5 Ra4 25. a3
g6 26. g3 Kd6 27. Re8 Ra5 28. Rd8+ Ke6 29. Rd4 Rf5 30. Rd3 h5
31. Rc3 Kd6 32. Rd3+ Ke6 33. Rc3 1/2-1/2

[Event "Your Next Move (Blitz)"]
[Site "Leuven BEL"]
[Date "2018.06.16"]
[EventDate "2018.06.12"]
[Round "16"]
[Result "1-0"]
[White "Maxime Vachier-Lagrave"]
[Black "Sergey Karjakin"]
[WhiteElo "2789"]
[BlackElo "2782"]
[PlyCount "101"]

1. c4 Nf6 2. Nc3 e5 3. Nf3 Nc6 4. e3 Bb4 5. Qc2 Bxc3 6. Qxc3
Qe7 7. Be2 O-O 8. O-O e4 9. Nd4 Nxd4 10. Qxd4 c5 11. Qc3 d5
12. b3 Rd8 13. d4 exd3 14. Bxd3 Be6 15. Bb2 dxc4 16. bxc4 Rd7
17. Bc2 Rad8 18. Rad1 Rxd1 19. Rxd1 Rxd1+ 20. Bxd1 Qd7 21. Be2
Ne8 22. e4 f6 23. e5 fxe5 24. Qxe5 b6 25. h4 h6 26. Qb8 Kh7
27. Qf4 Nd6 28. g4 Kg8 29. Be5 Nf7 30. Bc3 Nd6 31. g5 hxg5
32. hxg5 Qe7 33. Bd3 Ne8 34. Qh4 Kf8 35. Be5 Bf7 36. Qf4 Kg8
37. Kh2 Qe6 38. Bf1 Qd7 39. Be2 Qe6 40. Kg3 Qd7 41. Kh4 Qe6
42. a4 Qd7 43. Qe4 Nd6 44. Bxd6 Qxd6 45. f4 Bg6 46. Qd5+ Qxd5
47. cxd5 Kf7 48. Bg4 Be4 49. d6 c4 50. f5 c3 51. d7 1-0

[Event "Your Next Move (Blitz)"]
[Site "Leuven BEL"]
[Date "2018.06.16"]
[EventDate "2018.06.12"]
[Round "17"]
[Result "0-1"]
[White "Levon Aronian"]
[Black "Maxime Vachier-Lagrave"]
[WhiteElo "2764"]
[BlackElo "2789"]
[PlyCount "82"]

1. e4 c5 2. Nc3 d6 3. Nge2 Nf6 4. g3 g6 5. Bg2 Bg7 6. O-O O-O
7. d3 Nc6 8. Bg5 Rb8 9. Nd5 Re8 10. a4 e6 11. Nxf6+ Bxf6
12. Bxf6 Qxf6 13. c3 d5 14. f4 dxe4 15. dxe4 e5 16. f5 Qg5
17. Qd3 b6 18. h4 Qe7 19. h5 Rd8 20. Qf3 Ba6 21. hxg6 hxg6
22. Rad1 Rxd1 23. Rxd1 Rd8 24. Rd5 Bc4 25. f6 Qf8 26. Qe3 Bxd5
27. exd5 Na5 28. g4 Nc4 29. Qg5 e4 30. Ng3 e3 31. Nf5 e2
32. Kf2 Re8 33. Ne7+ Kh7 34. Kxe2 Qh6 35. Qxh6+ Kxh6 36. b3
Nd6 37. Kd3 Kg5 38. Nc6 a5 39. b4 cxb4 40. cxb4 axb4 41. Nxb4
Ra8 0-1

[Event "Grand Chess Tour Paris (Rapid)"]
[Site "Paris FRA"]
[Date "2018.06.20"]
[EventDate "2018.06.20"]
[Round "1"]
[Result "1/2-1/2"]
[White "Sergey Karjakin"]
[Black "Maxime Vachier-Lagrave"]
[WhiteElo "2782"]
[BlackElo "2789"]
[PlyCount "120"]

1. c4 c5 2. Nf3 Nc6 3. d4 cxd4 4. Nxd4 Nf6 5. Nc3 e6 6. e4 Bb4
7. Nxc6 bxc6 8. Bd3 e5 9. O-O O-O 10. Qe2 d6 11. Na4 d5 12. a3
Bd6 13. Bg5 h6 14. Bxf6 Qxf6 15. cxd5 cxd5 16. exd5 Qf4
17. Bb5 Bg4 18. Qe3 Qxe3 19. fxe3 Rab8 20. Nc3 Rfc8 21. a4 Bc5
22. Rae1 Bh5 23. h3 Bg6 24. g4 Rd8 25. Rf2 Rd6 26. Kg2 a6
27. Bc6 Rb4 28. a5 h5 29. Kg3 Rd8 30. Na4 Be7 31. Rc1 hxg4
32. hxg4 f5 33. Rxf5 Bxf5 34. gxf5 Kf7 35. Nb6 Rxb2 36. Nc4
Rb4 37. Nxe5+ Kf6 38. Nd3 Rb3 39. Rd1 Bd6+ 40. Kg4 Rg8 41. e4
g6 42. fxg6 Rxg6+ 43. Kf3 Ra3 44. Ke3 Be5 45. Rf1+ Ke7 46. Rf3
Bg7 47. Rh3 Kd6 48. Kf4 Rf6+ 49. Ke3 Rf7 50. Rg3 Be5 51. Rg6+
Rf6 52. Rxf6+ Bxf6 53. Bb7 Bg5+ 54. Ke2 Kc7 55. Bxa6 Rxa5
56. Bc4 Ra4 57. Nc5 Rxc4 58. Ne6+ Kd6 59. Nxg5 Rxe4+ 60. Nxe4+
Kxd5 1/2-1/2

[Event "Grand Chess Tour Paris (Rapid)"]
[Site "Paris FRA"]
[Date "2018.06.20"]
[EventDate "2018.06.20"]
[Round "2"]
[Result "1/2-1/2"]
[White "Maxime Vachier-Lagrave"]
[Black "Fabiano Caruana"]
[WhiteElo "2789"]
[BlackElo "2816"]
[PlyCount "74"]

1. e4 e5 2. Nf3 Nf6 3. Nxe5 d6 4. Nf3 Nxe4 5. d4 d5 6. Bd3 Bd6
7. O-O O-O 8. c4 c6 9. Nc3 Nxc3 10. bxc3 dxc4 11. Bxc4 Bf5
12. Bd3 Bxd3 13. Qxd3 Nd7 14. g3 Re8 15. Kg2 Nf6 16. c4 Qd7
17. Bb2 Rad8 18. a4 h6 19. Rfe1 Nh7 20. Rxe8+ Rxe8 21. d5 Ng5
22. Nxg5 hxg5 23. a5 cxd5 24. Qxd5 Qe7 25. Rd1 Bc5 26. Qf3 b6
27. Rd5 f6 28. axb6 axb6 29. Bd4 Bxd4 30. Rxd4 Qe5 31. Qd3 Qe2
32. Qb3 Qe6 33. Qb5 Rc8 34. Qd5 Qxd5+ 35. cxd5 Kf7 36. Rb4 Rc5
37. Rxb6 Rxd5 1/2-1/2

[Event "Grand Chess Tour Paris (Rapid)"]
[Site "Paris FRA"]
[Date "2018.06.20"]
[EventDate "2018.06.20"]
[Round "3"]
[Result "1-0"]
[White "Wesley So"]
[Black "Maxime Vachier-Lagrave"]
[WhiteElo "2778"]
[BlackElo "2789"]
[PlyCount "69"]

1. Nf3 c5 2. b3 b6 3. Bb2 Bb7 4. c4 Nf6 5. g3 g6 6. Bxf6 exf6
7. Nc3 Bxf3 8. exf3 Nc6 9. Bg2 Bg7 10. Qe2+ Kf8 11. O-O f5
12. f4 Bf6 13. Rae1 Kg7 14. Qd3 Rc8 15. Re3 Nd4 16. Nb5 a6
17. Nxd4 Bxd4 18. Re2 Re8 19. Rfe1 Rxe2 20. Qxe2 d6 21. Qe7
Bf6 22. Qb7 a5 23. Bd5 Rc7 24. Qxb6 Re7 25. Rxe7 Qxb6
26. Rxf7+ Kh8 27. Rf8+ Kg7 28. Rf7+ Kh8 29. Rxf6 Qb4 30. Rxd6
Qxd2 31. Rc6 Qd4 32. Kg2 Kg7 33. Rc7+ Kh8 34. h4 h5 35. a4 1-0

[Event "Grand Chess Tour Paris (Rapid)"]
[Site "Paris FRA"]
[Date "2018.06.21"]
[EventDate "2018.06.20"]
[Round "4"]
[Result "1-0"]
[White "Alexander Grischuk"]
[Black "Maxime Vachier-Lagrave"]
[WhiteElo "2766"]
[BlackElo "2789"]
[PlyCount "71"]

1. d4 Nf6 2. c4 g6 3. Nf3 Bg7 4. e3 O-O 5. Be2 c5 6. d5 e6
7. Nc3 exd5 8. cxd5 d6 9. Nd2 Re8 10. O-O Na6 11. e4 Rb8
12. a4 Nb4 13. f3 Nd7 14. Nb5 Ne5 15. Nxa7 Bd7 16. Nb5 Qe7
17. Ra3 f5 18. exf5 gxf5 19. Kh1 Nxd5 20. Ne4 fxe4 21. Qxd5+
Be6 22. Qxe4 d5 23. Qc2 Rbd8 24. f4 Nc6 25. Rg3 Nb4 26. Qd1
Kh8 27. Bh5 Rf8 28. Re1 d4 29. Rxg7 Qxg7 30. Rxe6 Nd5 31. g3
Nf6 32. Bf3 Rfe8 33. Rxe8+ Rxe8 34. Nd6 Re6 35. Nc4 Ne4
36. Kg2 1-0

[Event "Grand Chess Tour Paris (Rapid)"]
[Site "Paris FRA"]
[Date "2018.06.21"]
[EventDate "2018.06.20"]
[Round "6"]
[Result "1/2-1/2"]
[White "Viswanathan Anand"]
[Black "Maxime Vachier-Lagrave"]
[WhiteElo "2759"]
[BlackElo "2789"]
[PlyCount "116"]

1. e4 c5 2. Nf3 d6 3. d4 cxd4 4. Nxd4 Nf6 5. Nc3 a6 6. h3 e5
7. Nf3 Nbd7 8. a4 Be7 9. Bc4 O-O 10. Be3 Qc7 11. Nd2 Nc5
12. Nd5 Nxd5 13. Bxd5 Be6 14. Bxe6 Nxe6 15. O-O Qc6 16. a5 d5
17. exd5 Qxd5 18. b3 Rad8 19. Nc4 Qe4 20. Qc1 Bf6 21. Re1 Qc6
22. Ra4 Rfe8 23. Rb4 Rd5 24. Rd1 Red8 25. Rxd5 Qxd5 26. Rb6
Be7 27. Qd2 Qe4 28. Qe2 Rd7 29. Qf3 Qxf3 30. gxf3 Bd8 31. Rd6
Rxd6 32. Nxd6 Bxa5 33. Nxb7 Bb4 34. Bb6 Kf8 35. Nd8 Nf4
36. Nc6 Bc3 37. Kh2 Ke8 38. Bc5 Ne6 39. Be3 f5 40. Kg2 g5
41. Kf1 h5 42. Ke2 h4 43. Kd3 g4 44. fxg4 fxg4 45. Ke2 gxh3
46. Kf1 a5 47. Bb6 Kd7 48. Nxa5 Bxa5 49. Bxa5 Nd4 50. Kg1 Nxc2
51. Kh2 e4 52. Kxh3 e3 53. fxe3 Nxe3 54. Be1 Nf5 55. Bxh4 Nxh4
56. Kxh4 Kc6 57. b4 Kb5 58. Kh5 Kxb4 1/2-1/2

[Event "Grand Chess Tour Paris (Rapid)"]
[Site "Paris FRA"]
[Date "2018.06.22"]
[EventDate "2018.06.20"]
[Round "8"]
[Result "1/2-1/2"]
[White "Vladimir Kramnik"]
[Black "Maxime Vachier-Lagrave"]
[WhiteElo "2792"]
[BlackElo "2789"]
[PlyCount "117"]

1. d4 Nf6 2. Nf3 g6 3. e3 Bg7 4. Be2 O-O 5. O-O d6 6. b3 e5
7. dxe5 Ng4 8. Bb2 Nc6 9. Nc3 Ngxe5 10. Qd2 Re8 11. Rad1 Nxf3+
12. Bxf3 Ne5 13. Be2 Be6 14. Nb5 a6 15. Nd4 Bd7 16. c4 b5
17. Ba1 bxc4 18. bxc4 Rb8 19. c5 dxc5 20. Nb3 Bb5 21. Nxc5
Qxd2 22. Rxd2 Red8 23. Rc2 Rb6 24. Bxe5 Bxe5 25. g3 Rc6
26. Rfc1 Bxe2 27. Rxe2 Bd6 28. Rd2 Be7 29. Rxd8+ Bxd8 30. Kf1
f5 31. Ke2 Kf7 32. Kd3 Rd6+ 33. Ke2 Rc6 34. f3 Be7 35. Nb3
Rxc1 36. Nxc1 Ke6 37. Kd3 Kd5 38. Nb3 Bb4 39. e4+ fxe4+
40. fxe4+ Ke5 41. Nd4 Bc5 42. Nf3+ Kd6 43. Ng5 Bg1 44. Nf3 Bb6
45. Kc4 h5 46. Kb4 Ke6 47. a4 Bf2 48. Kc4 Bb6 49. h3 Bf2
50. g4 hxg4 51. hxg4 Kd6 52. Kb4 Ke6 53. Kc3 Bc5 54. Kd3 Bf2
55. Ke2 Bc5 56. Kd3 Bf2 57. Kc4 Kd6 58. Kb4 Ke6 59. Kc4
1/2-1/2

[Event "Grand Chess Tour Paris (Rapid)"]
[Site "Paris FRA"]
[Date "2018.06.22"]
[EventDate "2018.06.20"]
[Round "9"]
[Result "1-0"]
[White "Maxime Vachier-Lagrave"]
[Black "Levon Aronian"]
[WhiteElo "2789"]
[BlackElo "2764"]
[PlyCount "121"]

1. c4 Nf6 2. Nc3 e5 3. Nf3 Nc6 4. e3 Bb4 5. Qc2 Bxc3 6. Qxc3
Qe7 7. Be2 d5 8. d4 exd4 9. Nxd4 Nxd4 10. Qxd4 c5 11. Qh4 dxc4
12. Bxc4 Be6 13. Bb5+ Bd7 14. Bd3 Ng4 15. Qxe7+ Kxe7 16. Bd2
Ne5 17. Be2 a5 18. Bc3 f6 19. f4 Nf7 20. O-O-O b6 21. g4 Be6
22. a3 Rad8 23. g5 Rxd1+ 24. Rxd1 Rg8 25. h4 h6 26. Rg1 hxg5
27. fxg5 fxg5 28. hxg5 Nd6 29. g6 Nf5 30. Kd2 Rh8 31. Be5 Rd8+
32. Ke1 Nxe3 33. Bxg7 Nc2+ 34. Kf2 Nd4 35. Bh5 Rd5 36. Bd1
Rf5+ 37. Ke3 Rd5 38. Bh8 b5 39. b4 axb4 40. axb4 Nf5+ 41. Kf4
Nd6 42. Bg4 Bxg4 43. Kxg4 Ne8 44. Re1+ Kd7 45. bxc5 Rxc5
46. Be5 Rc2 47. Kf3 Rc6 48. Rg1 Nf6 49. g7 Ng8 50. Ke4 Rc8
51. Rf1 Re8 52. Rf7+ Ke6 53. Rf8 Kd7 54. Kd5 Rc8 55. Bd6 Re8
56. Rf7+ Kd8 57. Ra7 Re1 58. Ra8+ Kd7 59. Rxg8 Rd1+ 60. Kc5
Rg1 61. Ra8 1-0

[Event "Grand Chess Tour Paris (Blitz)"]
[Site "Paris FRA"]
[Date "2018.06.23"]
[EventDate "2018.06.20"]
[Round "1"]
[Result "1/2-1/2"]
[White "Wesley So"]
[Black "Maxime Vachier-Lagrave"]
[WhiteElo "2778"]
[BlackElo "2789"]
[PlyCount "158"]

1. Nf3 c5 2. c3 Nf6 3. d4 d5 4. Bg5 e6 5. e3 Be7 6. Nbd2 Nc6
7. Bd3 b6 8. Bb5 Bd7 9. Qe2 O-O 10. O-O Ne8 11. Bf4 Nd6
12. Bd3 c4 13. Bc2 f5 14. b3 b5 15. a4 a6 16. Ne5 Nxe5
17. Bxe5 Nf7 18. Bg3 Bc6 19. Nf3 Bd6 20. axb5 axb5 21. Rxa8
Bxa8 22. Ra1 Bb7 23. Qd1 Bxg3 24. hxg3 Qc7 25. Qb1 Bc6 26. b4
g6 27. Ra6 Ra8 28. Rxa8+ Bxa8 29. Qa2 Bc6 30. Qa6 Kg7 31. Nd2
Qb7 32. Qa5 g5 33. f4 g4 34. Kf2 Kf6 35. Bd1 h5 36. Bc2 Ke7
37. Qa1 Be8 38. Ke2 Nd8 39. Qh1 Qa7 40. Qh4+ Kd7 41. Qf6 Bf7
42. Nb1 Qa2 43. Kd2 Qb2 44. Qg7 Qa2 45. Qf8 Qa6 46. Kc1 Qd6
47. Qg7 Qe7 48. Na3 Kc6 49. Qe5 Qa7 50. Kb2 Qb6 51. Qf6 Kc7
52. Qe7+ Kc8 53. Bd1 Qc6 54. Qa7 Be8 55. Qe7 Qd7 56. Qc5+ Qc7
57. Qf8 Qd7 58. Bc2 Nb7 59. Qf6 Nd6 60. Qf8 Kc7 61. Kc1 Qf7
62. Qxf7+ Bxf7 63. Kd2 Kc6 64. Ke2 Nc8 65. Kf2 Ne7 66. Bd1 Be8
67. Bc2 Kd6 68. Bd1 Ng6 69. Nb1 Ke7 70. Nd2 Kf6 71. Nf1 Kg7
72. Nd2 Kh6 73. Nf1 h4 74. gxh4 Nxh4 75. g3 Ng6 76. Nd2 Nh8
77. Bc2 Nf7 78. Nb1 Nd6 79. Nd2 Kg7 1/2-1/2

[Event "Grand Chess Tour Paris (Blitz)"]
[Site "Paris FRA"]
[Date "2018.06.23"]
[EventDate "2018.06.20"]
[Round "2"]
[Result "1-0"]
[White "Maxime Vachier-Lagrave"]
[Black "Fabiano Caruana"]
[WhiteElo "2789"]
[BlackElo "2816"]
[PlyCount "108"]

1. e4 e5 2. Nf3 Nc6 3. Bc4 Bc5 4. c3 Nf6 5. d3 O-O 6. O-O d6
7. Re1 h6 8. Nbd2 a5 9. Nf1 Bb6 10. Be3 Bxe3 11. Nxe3 Be6
12. Bb5 Ne7 13. Ba4 Ng6 14. Bc2 Re8 15. d4 c6 16. Qd2 Qc7
17. Nf5 Rad8 18. Rad1 Bxa2 19. b3 a4 20. bxa4 Bc4 21. Qc1 Ne7
22. Ne3 Be6 23. Qb2 Ra8 24. c4 Ng6 25. Rb1 Ra7 26. Red1 Ng4
27. Nf5 Rd8 28. h3 Nf6 29. c5 dxc5 30. dxe5 Nd7 31. Rd2 Rb8
32. Nd6 c4 33. Rbd1 b5 34. Nd4 Ndxe5 35. axb5 Qxd6 36. Nxc6
Qxc6 37. Rd8+ Kh7 38. Rxb8 Qc7 39. Rdd8 c3 40. Qc1 Qc5 41. b6
Ra2 42. b7 Qb6 43. h4 Nc6 44. Ra8 Qxb7 45. Rxa2 Bxa2 46. Rd6
Nge5 47. f4 Qb6+ 48. Kh1 Ng4 49. e5+ g6 50. Qe1 Be6 51. h5 Kg7
52. hxg6 Nf2+ 53. Kh2 Ng4+ 54. Kg3 Qc5 1-0

[Event "Grand Chess Tour Paris (Blitz)"]
[Site "Paris FRA"]
[Date "2018.06.23"]
[EventDate "2018.06.20"]
[Round "3"]
[Result "0-1"]
[White "Viswanathan Anand"]
[Black "Maxime Vachier-Lagrave"]
[WhiteElo "2759"]
[BlackElo "2789"]
[PlyCount "66"]

1. e4 c5 2. Nf3 d6 3. d4 cxd4 4. Nxd4 Nf6 5. Nc3 a6 6. h3 e5
7. Nf3 h6 8. Bc4 Qc7 9. Bb3 Be6 10. O-O Nbd7 11. Be3 Be7
12. Nh4 O-O 13. Nf5 Bxf5 14. exf5 b5 15. Qe2 Nb6 16. Bxb6 Qxb6
17. a4 Rab8 18. axb5 axb5 19. Nd5 Nxd5 20. Bxd5 Bf6 21. Rfd1
Rfc8 22. c3 Rc7 23. Be4 b4 24. c4 b3 25. Ra3 Qc5 26. Bd5 e4
27. Ra4 Re7 28. Kf1 e3 29. f4 Bxb2 30. Ra6 Bf6 31. g4 b2
32. Rb1 Qd4 33. Rxd6 Qxf4+ 0-1

[Event "Grand Chess Tour Paris (Blitz)"]
[Site "Paris FRA"]
[Date "2018.06.23"]
[EventDate "2018.06.20"]
[Round "5"]
[Result "1/2-1/2"]
[White "Maxime Vachier-Lagrave"]
[Black "Levon Aronian"]
[WhiteElo "2789"]
[BlackElo "2764"]
[PlyCount "81"]

1. e4 e5 2. Nf3 Nc6 3. Bc4 Bc5 4. c3 Nf6 5. d3 O-O 6. O-O d5
7. exd5 Nxd5 8. a4 a5 9. Re1 Bg4 10. Nbd2 Nb6 11. Bb5 Bd6
12. Ne4 Ne7 13. d4 exd4 14. Nxd6 cxd6 15. Qxd4 Bxf3 16. gxf3
Nc6 17. Qg4 Qf6 18. Bg5 Qg6 19. Be3 Nd5 20. Qxg6 hxg6 21. Rad1
Nxe3 22. Rxe3 Rfd8 23. f4 Kf8 24. Kg2 Ne7 25. Red3 Nf5 26. Rd5
b6 27. Be2 Rac8 28. Rb5 Rc6 29. Bg4 Rc4 30. Bxf5 gxf5 31. Kg3
Rxa4 32. Rxb6 Ra2 33. Rd5 g6 34. c4 Rc8 35. Rd4 Kg7 36. h3 Ra4
37. b3 Ra3 38. f3 a4 39. bxa4 Rxa4 40. Rbxd6 Raxc4 41. Rxc4
1/2-1/2

[Event "Grand Chess Tour Paris (Blitz)"]
[Site "Paris FRA"]
[Date "2018.06.23"]
[EventDate "2018.06.20"]
[Round "7"]
[Result "1-0"]
[White "Maxime Vachier-Lagrave"]
[Black "Sergey Karjakin"]
[WhiteElo "2789"]
[BlackElo "2782"]
[PlyCount "163"]

1. d4 Nf6 2. c4 e6 3. Nf3 d5 4. Nc3 Be7 5. Bf4 O-O 6. e3 Nbd7
7. c5 Nh5 8. Bd3 Nxf4 9. exf4 b6 10. b4 a5 11. a3 c6 12. O-O
Qc7 13. g3 Ba6 14. Kg2 Bxd3 15. Qxd3 Ra7 16. h4 Rfa8 17. Rab1
axb4 18. axb4 h5 19. Rfe1 Bf6 20. f5 exf5 21. Qxf5 g6 22. cxb6
Qd6 23. Qd3 Nxb6 24. Ne2 Ra3 25. Rb3 Nc4 26. Nf4 Rxb3 27. Qxb3
Ra3 28. Qc2 Kg7 29. Re6 Qd7 30. Ne5 Qa7 31. Nxc6 Ra2 32. Nxa7
Rxc2 33. Re2 Rc1 34. Nxd5 Bxd4 35. Nc6 Nb6 36. Nxd4 Nxd5
37. Rb2 Rc4 38. Nc2 Nb6 39. Ne3 Rd4 40. b5 Kf8 41. Kf3 Ke8
42. Ke2 Ke7 43. Rc2 Rb4 44. Rc6 Rb2+ 45. Kf1 Na4 46. b6 Kf8
47. Nc4 Rb4 48. Ke2 Kg7 49. Kd3 Rb3+ 50. Kd4 Rb1 51. Ke5 Rb4
52. Kd6 Nxb6 53. Nxb6 Rb2 54. Nd5 Rxf2 55. Rc3 Re2 56. Re3 Ra2
57. Nf4 Ra6+ 58. Kd5 Ra5+ 59. Ke4 Ra4+ 60. Kf3 Ra7 61. Rc3 Rb7
62. Rc6 Rb3+ 63. Kg2 Rb2+ 64. Kh3 Rb7 65. Nd5 Rb5 66. Rd6 Rc5
67. Rd7 Ra5 68. Kg2 Ra2+ 69. Kf3 Ra3+ 70. Ne3 Ra6 71. Rb7 Rf6+
72. Ke4 Re6+ 73. Kd4 Rf6 74. Ke4 Re6+ 75. Kf3 Rf6+ 76. Kg2 Ra6
77. Nc4 Rf6 78. Rd7 Kf8 79. Nd6 Kg8 80. Rd8+ Kh7 81. Kg1 Kh6
82. Rh8+ 1-0